02316nam a2200409 a 450000100100000000500170001000800410002702000150006804000250008308200170010824501890012526001160031430000360043050400700046650400330053659000260056965000400059565000430063565000390067865000400071765100610075770000280081870000270084670000360087370000280090970000300093770000380096770000590100571001410106471001530120591000380135895201290139695201290152595201150165495201200176999900170188900001677520260417112310.0100310s2002 dr ad r 000 0 spa d a999348704X aDO-SdBNPbspacBNPHU a362.7bD536p00aDiagnóstico participativo :bperfil de los adolescentes de la ciudad de Santiago de los Caballeros 1998-2000 /cLiliam de Brens... [et al.] ; presentación Agripino Nuñez Collado. aSantiago de los Caballeros, República Dominicana :bPontificia Universidad Católica Madre y Maestra,c2002. a173 p. :bil., tablas ;c23 cm. aIncluye referencias bibliográficas y notas al pie de páginas. aBibliografía : p. 171-173. aInventariado, 2018/BT 0aPsicología del adolescente 99034 4aTrabajo social con adolescentes937166 4aJóvenesxConsumode drogas937167 4aTrabajo social con jóvenes933718 0aSantiago de los Caballeros (Republica Dominicana)9826912aBrens, Liliam de93716812aBrens, Víctor93716912aZouain, José Joaquín93717012aMejía, Maritza93717112aTorres, Ynmaculada93717212aAntúnez Lojas, María T9371731 aNúñez Collado, Agripinod1933-2022epresent.984572 aPontificia Universidad Católica Madre y Maestra (PUCMM).bCentro de Investigación y Formación para la Prevención Integral9371742 aFederación Internacionales de Universidades Católicas (FIUC).bPrograma Formación en Investigación para la Intervención Comunitaria937175 aValidado. Control de calidad. EMS 001054708DSaGRbGRcHDd2010-03-10iLF1l0o362.7 D536pp16775-30r2020-06-25te.3w2020-06-25yLFDSZPréstamo en sala 001054708DSaGRbGRcHDd2010-03-10iLF1l0o362.7 D536pp16775-40r2020-06-25te.4w2020-06-25yLFDSZPréstamo en sala 0010718PDaPDbPDcHDd2010-03-10iLF1l0o362.7 D536pp16775-10r2020-06-25w2020-06-25yLFPDZNo se presta 0010718PDaPDbPDcHDd2010-03-10iLF1l0o362.7 D536pp16775-20r2020-06-25te.2w2020-06-25yLFPDZNo se presta c16307d16307